MLB Baseball Hit By Pitch by Franchise - Statistics

General Stats
  • This quiz has been taken 43 times
  • The average score is 9 of 30
Answer Stats
Team Answer Hit By Pitch Position % Correct
Arizona Diamondbacks Luis Gonzalez 61 LF
84%
Houston Astros Craig Biggio 285 2B,C,CF
81%
New York Yankees Derek Jeter 170 SS
74%
Seattle Mariners Edgar Martinez 89 DH,3B
65%
Colorado Rockies Larry Walker 98 RF,1B
58%
Chicago Cubs Anthony Rizzo 151 1B
55%
Cincinnati Reds Frank Robinson 118 OF,1B
52%
Philadelphia Phillies Chase Utley 173 2B
42%
Kansas City Royals Alex Gordon 121 OF
35%
Pittsburgh Pirates Jason Kendall 177 C
35%
Toronto Blue Jays Carlos Delgado 122 1B
32%
Los Angeles Dodgers Justin Turner 78 3B
32%
Washington Nationals Ron Hunt 114 2B,3B
32%
Los Angeles Angels Brian Downing 105 DH,LF,C
26%
Detroit Tigers Bill Freehan 114 C,1B
23%
Baltimore Orioles Brady Anderson 148 OF
23%
San Diego Padres Chase Headley 38 3B,LF,1B
23%
Milwaukee Brewers Rickie Weeks 125 2B
23%
Boston Red Sox Kevin Youkilis 86 1B,3B
19%
Chicago White Sox Minnie Minoso 145 LF,1B
19%
St. Louis Cardinals Steve Evans 87 RF,1B
16%
Cleveland Indians Travis Hafner 85 DH,1B
16%
Tampa Bay Rays Brandon Guyer 58 OF
10%
Texas Rangers Shin-Soo Choo 71 RF
10%
Minnesota Twins Bucky Harris 99 2B
6%
Miami Marlins Derek Dietrich 93 OF
6%
Oakland Athletics Jimmy Dykes 93 3B,2B,1B
6%
San Francisco Giants Art Fletcher 132 SS
3%
New York Mets Lucas Duda 48 C
3%
Atlanta Braves Tommy Tucker 150 1B
3%
No matching quizzes found
Score Distribution
Percent of People with Each Score
Percentile by Number Answered
Your Score History
You have not taken this quiz